Ekonóm informačný spravodajca Ekonomickej univerzity v Bratislave

Enregistré dans:
Détails bibliographiques
Format: Publication en série
Langue:slovaque
Publié: Bratislava Ekonomická univerzita v Bratislave 2007
Sujets:
Tags: Ajouter un tag
Pas de tags, Soyez le premier à ajouter un tag!

MARC

LEADER 00000nas2a2200000 4500
001 0129517
005 20230912065355.4
041 0 |a slo 
044 |a SK 
245 1 0 |a Ekonóm  |b informačný spravodajca Ekonomickej univerzity v Bratislave 
264 1 |a Bratislava  |b Ekonomická univerzita v Bratislave  |c 2007 
773 0 |w eu_un_cat*s120670 
610 2 0 |a univerzity 
610 2 0 |a Ekonomická univerzita v Bratislave